| 000 | 00820nam0a22002531 4500 | ||
|---|---|---|---|
| 001 | rc\2814663 | ||
| 005 | 20250806211012.0 | ||
| 035 | _a(NLR Aleph) 006940445 | ||
| 090 |
_a38205 _c38205 |
||
| 100 | _a20110915d1945 u y0rusy50 ca | ||
| 101 | 0 | _arus | |
| 102 | _aRU | ||
| 105 | _ay z ||||| | ||
| 200 | 1 |
_aБорьба с яловостью скота _fП. Д. Буслаев, канд. биол. наук |
|
| 210 |
_aУфа _cБашгосиздат _d1945 _gтип. "Октябр. натиск" |
||
| 215 |
_a64 с. _d17 см. |
||
| 700 | 1 |
_aБуслаев _bП.Д. _gПетр Дмитриевич |
|
| 801 | 0 |
_aRU _bNLR _gpsbo |
|
| 801 | 1 |
_aRU _bELAR _2rusmarc |
|
| 852 |
_aNLR _jС80 Г-2/70 |
||
| 942 | _cBOOK | ||
| 945 | _aРоссийская национальная библиотека | ||
| 980 | _aNB | ||
| 980 | _aBV | ||